Finančné riadenie a rozvoj podnikateľských aktivít
Aktuálne problémy finančného riadenia podnikov v slovenskej ekonomike. Finančná situácia podnikov.
Na minha lista:
| Autor principal: | |
|---|---|
| Formato: | Capítulo de Livro |
| Idioma: | eslovaco |
| Assuntos: | |
| Tags: |
Sem tags, seja o primeiro a adicionar uma tag!
|
MARC
| LEADER | 00000naa$a2200000$$$4500 | ||
|---|---|---|---|
| 001 | 0085796 | ||
| 005 | 20240502071956.6 | ||
| 041 | 0 | |a slo | |
| 044 | |a SK | ||
| 245 | 1 | 0 | |a Finančné riadenie a rozvoj podnikateľských aktivít |c Viktória Bobáková |
| 520 | |a Aktuálne problémy finančného riadenia podnikov v slovenskej ekonomike. Finančná situácia podnikov. | ||
| 610 | 2 | 0 | |a riadenie finančné |
| 610 | 2 | 0 | |a podnik |
| 610 | 2 | 0 | |a Slovensko |
| 610 | 2 | 0 | |a situácia finančná podniku |
| 100 | 1 | |a Bobáková, Viktória | |